Taylor Swift mystery lyrics #67 - Statistics

General Stats
  • This quiz has been taken 68 times
  • The average score is 226 of 297
Answer Stats
Answer % Correct
I
100%
an
98%
and
98%
And
98%
it
98%
It
98%
me
98%
my
98%
to
98%
To
98%
we
98%
We
98%
who
98%
I'm
96%
is
96%
the
96%
The
96%
you
96%
You
96%
your
96%
be
94%
go
94%
on
94%
So
92%
so
92%
were
92%
of
90%
for
88%
hear
88%
in
88%
when
88%
by
87%
can
87%
I'll
87%
It's
87%
it's
87%
that
87%
this
87%
know
85%
was
85%
all
83%
as
83%
ever
83%
If
83%
if
83%
like
83%
now
83%
Now
83%
could
81%
I've
81%
with
81%
just
79%
not
79%
but
77%
But
77%
don't
77%
there
77%
too
75%
at
73%
good
73%
Time
73%
back
71%
even
71%
Even
71%
would've
71%
down
69%
real
69%
season
69%
'Tis
69%
about
67%
call
67%
how
67%
looks
67%
only
67%
stay
67%
up
67%
wanted
67%
always
65%
ask
65%
Babe
65%
damn
65%
house
65%
make
65%
parents'
65%
road
65%
won't
65%
yours
65%
known
63%
out
63%
same
63%
weekend
63%
own
62%
stayin'
62%
though
62%
write
62%
gone
60%
heart
60%
taken
60%
tell
60%
while
60%
asked
58%
day
58%
L.A.
58%
leads
58%
leave
58%
There's
58%
bad
56%
friends
56%
hanging
56%
hometown
56%
ours
56%
right
56%
breakin'
54%
bed
52%
okay
52%
put
52%
smile
52%
ache
50%
books
50%
fakin'
50%
kind
50%
so-called
50%
which
50%
car
48%
far
48%
leaving
48%
smiles
48%
felt
46%
soul
46%
times'
46%
used
46%
warmest
46%
between
44%
old
44%
sake
44%
watched
44%
around
42%
Methodist
42%
parked
42%
perfume
42%
run
42%
school
42%
wonder
42%
cold
40%
remember
40%
Sleep
40%
flies
38%
holidays
38%
missing
38%
ride
38%
glass
37%
half
37%
passed
37%
linger
35%
wait
35%
Who'll
35%
escaped
33%
truck
33%
messy
31%
tires
31%
mud
29%
windshield
29%
fogs
27%
No matching quizzes found
Score Distribution
Percent of People with Each Score
Percentile by Number Answered
Your Score History
You have not taken this quiz